000 00291nam a22001217a 4500
020 _a3-540-15119-2
082 _a004.1 SHI
100 _aSHIRAL YOSHAIAKI
_965488
245 _aTHREE DIMENSIONAL COMPUTER VISION
260 _aNEW YORK
_bSPRINGER VERLAG
_c1987
300 _a296P
942 _cBK
999 _c573677
_d573677